| 000 | 01158nam0a22002651 4500 | ||
|---|---|---|---|
| 001 | rc\4190409 | ||
| 005 | 20260407121851.0 | ||
| 021 |
_aRU _b[46-2717] |
||
| 035 | _a(NLR Aleph) 008196340 | ||
| 090 |
_a8008419 _c8008419 |
||
| 100 | _a20130415d1946 |||y0rusy50 ca | ||
| 101 | 0 | _arus | |
| 102 | _aRU | ||
| 105 | _ay z ||||| | ||
| 200 | 1 |
_aКлассификация республиканских бюджетов АССР и местных бюджетов _eС изм., внесен. на 1 февр. 1946 г. _fНар. ком. финансов СССР. Бюджетное упр. |
|
| 210 |
_aМосква _cГосфиниздат _d1946 _gТип. им. Котлякова в Л. |
||
| 215 |
_a27 с. без обл. _d22 |
||
| 606 |
_aБюджеты местные _xКлассификация доходов и расходов _2psbo |
||
| 606 |
_aБюджеты _xКлассификация доходов и расходов _2psbo |
||
| 710 | 0 | 1 |
_aСССР _bБюджетное управление _9411639 _3RU\NLR\AUTH\889957780 |
| 801 | 0 |
_aRU _bNLR _gpsbo |
|
| 801 | 1 |
_aRU _bELAR _2rusmarc |
|
| 852 |
_aNLR _jЭк64 Г-6/174 |
||
| 942 | _cBOOK | ||
| 980 | _aNB | ||